| 000 | 00857cam a2200265 a 4500 | ||
|---|---|---|---|
| 001 | 000005477 | ||
| 005 | 20200929151705.0 | ||
| 008 | 000321s2000 sp b 000 f spa | ||
| 020 | _a843761791X | ||
| 040 |
_aDO-SdBNP _cDLC |
||
| 082 |
_aU864.4 _bR695a |
||
| 100 | 1 |
_aRodó, José Enrique, _d1871-1917. _93052 |
|
| 245 | 1 | 0 |
_aAriel / _cJosé Enrique Rodó ; edición de Belén Castro. |
| 260 |
_aMadrid : _bCátedra, _c2000. |
||
| 300 |
_a231 p. ; _c18 cm. |
||
| 490 | 1 |
_aLetras hispánicas _v474 |
|
| 504 | _aIncluye referencias bibliográficas (p. 131-135). | ||
| 600 | 1 | 4 |
_aRODÓ, JOSÉ ENRIQUE, _d1871-1917 _tARIEL _915547 |
| 650 | 4 |
_aEnsayos uruguayos _93053 |
|
| 650 | 4 |
_aLiteratura uruguaya _93054 |
|
| 700 | 1 |
_aCastro, Belén, _eed. _915548 |
|
| 830 | 0 |
_aLetras hispánicas ; _v474 _94208 |
|
| 910 | _aWM | ||
| 910 | _aCatalogación por copia / LC | ||
| 999 |
_c5276 _d5276 |
||